ბათუმის შოთა რუსთაველის სახელმწიფო უნივერსიტეტის ბიბლიოთეკა

Собрание сочинении в двенадцати томах.т.11. Общественно-политические статьи:по вопросам биологии и сельскохозяйственного производства (ბიბ.ჩანაწერი № 46291)

000 -LEADER
fixed length control field 00973nam a2200205Ia 4500
001 - CONTROL NUMBER
control field 13127
003 - CONTROL NUMBER IDENTIFIER
control field GE_BSU
008 - FIXED-LENGTH DATA ELEMENTS--GENERAL INFORMATION
fixed length control field 181216s||||||||xx |||||||||||||| ||und||
040 ## - CATALOGING SOURCE
Transcribing agency GE_BSU
100 ## - MAIN ENTRY--PERSONAL NAME
Personal name Вильямс,В.Р.
245 ## - TITLE STATEMENT
Title Собрание сочинении в двенадцати томах.т.11. Общественно-политические статьи:по вопросам биологии и сельскохозяйственного производства
245 ## - TITLE STATEMENT
Statement of responsibility, etc. Ред.кол.В.П.Бушинский. Ред.Л.М.Берцинская
260 ## - PUBLICATION, DISTRIBUTION, ETC.
Place of publication, distribution, etc. Москва
260 ## - PUBLICATION, DISTRIBUTION, ETC.
Name of publisher, distributor, etc. Госиздат сель.-хоз.лит-ры
260 ## - PUBLICATION, DISTRIBUTION, ETC.
Date of publication, distribution, etc. 1953
300 ## - PHYSICAL DESCRIPTION
Extent 306стр.27см.фото
653 ## - INDEX TERM--UNCONTROLLED
Uncontrolled term Общественно-политические статьи:по вопросам биологии и сельскохозяйственного производства
653 ## - INDEX TERM--UNCONTROLLED
Uncontrolled term Собрание сочинении
942 ## - ADDED ENTRY ELEMENTS (KOHA)
Koha item type წიგნი
ეგზემპლარები
Withdrawn status Lost status Damaged status Not for loan Date acquired Barcode Date last seen Price effective from Koha item type
        2018-12-17 21070 2018-12-17 2018-12-17 წიგნი